| 000 | 00914cad a22002055a 4500 | ||
|---|---|---|---|
| 001 | E149899 | ||
| 008 | 100512s2010 xxk f 000 0 eng d | ||
| 035 | _a(Sirsi) u149899 | ||
| 041 | 0 | _aeng | |
| 110 | 2 |
_aCivil Engineering Contractors Association _93765 |
|
| 245 | 0 | 0 |
_aInfrastructure _bfoundations for growth _h[electronic resource] |
| 260 |
_a[S.l.] _bCECA _c2010 |
||
| 520 | _aSets out the importance of infrastructure and highlights the role that civil engineering contractors play in constructing and maintaining it. Emphasises the need for a strategic approach to planned investment in essential infrastructure | ||
| 521 | _aIntroductory | ||
| 590 | _aKA | ||
| 651 | 4 |
_aUnited Kingdom _y |
|
| 690 | _aPROPERTY-INFRASTRUCTURE | ||
| 856 | 4 | 0 |
_uhttps://www.ceca.co.uk/Uploads/news/whatsnew/Infrastructure%20-%20Foundations%20for%20Growth.pdf _zView the report free of charge at www.ceca.co.uk |
| 942 | _n0 | ||
| 999 |
_c110675 _d110675 |
||